ბათუმის შოთა რუსთაველის სახელმწიფო უნივერსიტეტის ბიბლიოთეკა

ეკოლოგიური ფაქტორების გავლენა მანდარინისა და ფორთოხლის ნაყოფების ქიმიურ შედგენილობასა და შენახვისუნარიანობაზე. (ბიბ.ჩანაწერი № 44634)

000 -LEADER
fixed length control field 01181nam a2200217Ia 4500
001 - CONTROL NUMBER
control field 11437
003 - CONTROL NUMBER IDENTIFIER
control field GE_BSU
008 - FIXED-LENGTH DATA ELEMENTS--GENERAL INFORMATION
fixed length control field 181216s||||||||xx |||||||||||||| ||und||
040 ## - CATALOGING SOURCE
Transcribing agency GE_BSU
080 ## - UNIVERSAL DECIMAL CLASSIFICATION NUMBER
Universal Decimal Classification number 634.3:574
100 ## - MAIN ENTRY--PERSONAL NAME
Personal name ნაკაშიძე,ნუნუ.
245 ## - TITLE STATEMENT
Title ეკოლოგიური ფაქტორების გავლენა მანდარინისა და ფორთოხლის ნაყოფების ქიმიურ შედგენილობასა და შენახვისუნარიანობაზე.
245 ## - TITLE STATEMENT
Statement of responsibility, etc. რედ:ვალერიან ცანავა;ზურაბ მიქელაძე.
260 ## - PUBLICATION, DISTRIBUTION, ETC.
Place of publication, distribution, etc. ბათუმი.
260 ## - PUBLICATION, DISTRIBUTION, ETC.
Name of publisher, distributor, etc. გ.გ
260 ## - PUBLICATION, DISTRIBUTION, ETC.
Date of publication, distribution, etc. 2009.
300 ## - PHYSICAL DESCRIPTION
Extent 81გვ;20სმ.
300 ## - PHYSICAL DESCRIPTION
Accompanying material ილ;ცხრ.
653 ## - INDEX TERM--UNCONTROLLED
Uncontrolled term ეკოლოგიური ფაქტორების გავლენა მანდარინისა და ფორთოხლის ნაყოფების ქიმიურ შედგენილობასა და შენახვისუნარიანობაზე.
942 ## - ADDED ENTRY ELEMENTS (KOHA)
Koha item type წიგნი
ეგზემპლარები
Withdrawn status Lost status Damaged status Not for loan Date acquired Barcode Date last seen Price effective from Koha item type
        2018-12-17 20274 2018-12-17 2018-12-17 წიგნი
        2018-12-17 20275 2018-12-17 2018-12-17 წიგნი